000 01049aam a2200313 i 4500
001 76714001
003 CO-MdFUSB
005 20251001105519.0
007 ta
008 250925t1994 xxu||||| |||| 00| 0 spa d
020 _a0-89922-528
_q-4
040 _aCO-MdFUSB
_bspa
_cCO-MdFUSB
_dCO-MdFUSB
_erda
041 0 _aspa
082 0 4 _223
_a251
_bM1161r
100 1 _aMacArthur Jr., John F.
_eautor
240 _aRediscovering expository preaching
245 1 0 _aEl redescubrimiento de la predicación expositiva :
_bcómo balancear la ciencia y el arte de la exposición bíblica
_c/ John MacArthur ; traducido por Javier A. Quiñonez Ortíz
264 1 _bCaribe,
_aNashville, TN., USA :
_c[1996]
264 4 _c©1996
300 _a386 páginas
336 _atexto
_btxt
_2rdacontent
337 _2rdamedia
_asin mediación
_bn
338 _2rdacarrier
_avolumen
_bnc
563 _aRústico
650 7 _aSermones
_9283
700 _aQuiñonez-Ortiz, Javier Antonio,
_911961
_etraductor
942 _cBK
945 _aElías Tolentino
999 _c40204
_d40204